| 000 | 00406nam a22001217a 4500 | ||
|---|---|---|---|
| 082 | _a200 THE | ||
| 100 |
_aAMJAD BAIG _970191 |
||
| 245 | _aTH-SOF-1103-GLOBAL SEQUENCE GENERATION AND MINIMIZING THE TOTAL UTILITY WORK FOR MIXED MODEL ASSEMBLY LINES | ||
| 260 |
_aIslamabad _bNUST College of EME _c2015 |
||
| 650 | _a MS-MECH-76 MSTHESIS | ||
| 700 |
_aSupervison Dr. Sajid Ullah Butt _970192 |
||
| 942 | _cCF | ||
| 999 |
_c577210 _d577210 |
||